000
00240nam a2200097Ia 4500
008
190216s9999||||xx |||||||||||||| ||und||
100
_a
Null
245
0
_a
Hindi-Prayoga Darm Matkar Jagsivanand Mayoor
260
_b
S Vishwanathan
942
_c
BK
999
_c
18177
_d
18177